| 000 | 00751pam a2200265 a 4500 | ||
|---|---|---|---|
| 008 | |||
| 020 | _a0582305551 (pbk. ) | ||
| 049 | _aMAIN | ||
| 090 | 0 | _aTA357 DOU | |
| 100 | 1 | _aDouglas, John F. | |
| 245 | 1 | 0 |
_aFluid mechanics / _cJ.F. Douglas, J.M. Gasiorek, and J. A. Swaffield. |
| 250 | _a3rd ed. | ||
| 260 |
_aHarlow : _bELBS, _c1995. |
||
| 300 |
_axv, 819 p. : _bill. ; _c25 cm. |
||
| 500 | _aIncludes index. | ||
| 504 | _aIncludes bibliographical references. | ||
| 650 | 0 | _aFluid mechanics. | |
| 700 | 1 | _aGasiorek, J. M. | |
| 700 | 1 | _aSwaffield, J. A. | |
| 907 |
_a.b10246277 _b12-12-12 _c28-05-07 |
||
| 003 | |||
| 005 | 20241118122212.0 | ||
| 040 | _cNUST | ||
| 942 |
_cBOOKS _kTA357 DOU _01 |
||
| 999 |
_c166436 _d166436 |
||